|
|
|
|
| LEADER |
00000nab a2200000 a 4500 |
| 001 |
vtls000723471 |
| 005 |
20260408082751.0 |
| 008 |
180207c2000 xo 0 slo |
| 015 |
|
|
|a SNBRB2000/05-14866
|
| 035 |
|
|
|a CLN000075637
|
| 040 |
|
|
|a SNKBUCL
|b slo
|c SNKBUCL
|e AACR2
|
| 041 |
0 |
|
|a slo
|
| 044 |
|
|
|a xo
|c SK
|
| 080 |
|
|
|a 362.62:368.42/.46:352.075.31
|2 UDC-MRF-SK2
|
| 080 |
|
|
|a 368.42/.46
|2 UDC-MRF-SK2
|
| 080 |
|
|
|a 352.075.31
|2 UDC-MRF-SK2
|
| 100 |
1 |
|
|a Štedrák, Patrik
|4 aut
|9 1131992
|
| 245 |
1 |
0 |
|a Účasť starostov obcí na nemocenskom poistení a dôchodkovom zabezpečení
|c Patrik Štedrák
|
| 650 |
0 |
7 |
|a starostovia
|2 snkbucl
|9 29670
|
| 650 |
0 |
7 |
|a dôchodkové zabezpečenie
|2 snkbucl
|9 29237
|
| 650 |
0 |
7 |
|a nemocenské poistenie
|2 snkbucl
|9 67734
|
| 655 |
|
7 |
|a články z novín a časopisov
|2 snkbucl
|9 267496
|
| 773 |
0 |
|
|x 1335-4795
|t Národné poistenie
|g Roč. 32, č. 5 (2000), s. 8
|
| 852 |
|
|
|a SNK
|
| 958 |
|
|
|a RBX
|
| 999 |
|
|
|c 1906968
|d 1908898
|